Graven van Holland en Zeeland quiz - Statistieken

Algemene statistieken
  • Deze quiz is 12 keer genomen
    8 sinds de laatste reset
  • De gemiddelde score is 17 van 35
Antwoordstatistieken
Regeerperiode Graaf % Correct
1203 - 1222 Willem I
88%
1234 - 1256 Willem II
88%
1304 - 1337 Willem III
88%
1337 - 1345 Willem IV
88%
1349 - 1358 Willem V
88%
1404 - 1417 Willem VI
88%
1049 - 1061 Floris I
75%
1091 - 1122 Floris II
75%
1129 - 1131 Floris
75%
1157 - 1190 Floris III
75%
1222 - 1234 Floris IV
75%
1256 - 1296 Floris V
75%
1555 - 1581 Filips II
63%
1433 - 1467 Filips de Goede
63%
1482 - 1506 Filips de Schone
63%
1506 - 1555 Karel V
63%
1467 - 1477 Karel de Stoute
63%
1477 - 1482 Maria de Rijke
63%
1296 - 1299 Jan I
50%
1299 - 1304 Jan II
50%
1417 - 1433 Jacoba
38%
1358 - 1404 Albrecht
25%
ca.885 - 898/914 Gerulf
25%
1203 - 1213 Ada
13%
988 - 993 Arnulf
13%
ca.896 - 923/939 Dirk I
13%
939 - 988 Dirk II
13%
993 - 1039 Dirk III
13%
1039 - 1049 Dirk IV
13%
1061 - 1091 Dirk V
13%
1122 - 1129 Dirk VI
13%
1131 - 1157 Dirk VI
13%
1190 - 1203 Dirk VII
13%
1580 - 1584 Frans van Anjou
13%
1345 - 1354 Margaretha I
0%
Geen overeenkomende quizzen gevonden
Scoreverdeling
Procent van Mensen met Elke Score
Percentiel versus Aantal Correcte Antwoorden
Uw Scoregeschiedenis
U heeft deze quiz nog niet genomen sinds de laatste reset